Προστασία του περιβάλλοντος
Saved in:
| Main Author: | |
|---|---|
| Other Authors: | |
| Format: | Book |
| Language: | Greek German |
| Published: |
Αθήνα :
Γκιούρδας,
1977.
|
| Subjects: | |
| Tags: |
Add Tag
No Tags, Be the first to tag this record!
|
MARC
| LEADER | 00000cam a2200000 i 4500 | ||
|---|---|---|---|
| 001 | 1/81275 | ||
| 008 | 941206s1977 gr | ||| |||| ||gre|| | ||
| 035 | |l 10005267 | ||
| 040 | |a GR-MyUA |b gre |e AACR2 | ||
| 041 | 1 | |a gre |h ger | |
| 082 | 0 | |a 363.7 | |
| 100 | 1 | |a Martz, G. |q (Georg) | |
| 245 | 1 | 0 | |a Προστασία του περιβάλλοντος / |c Georg Martz ; μετάφραση Νεοφύτου Ν. Παπαδοπούλου. |
| 260 | |a Αθήνα : |b Γκιούρδας, |c 1977. | ||
| 300 | |a 191 σ. | ||
| 500 | |a Τίτλος πρωτοτύπου: Einfuhrung in den okologischen umweltschutz. | ||
| 504 | |a Περιέχει βιβλιογραφικές παραπομπές και ευρετήριο. | ||
| 650 | 0 | 0 | |a Environmental protection. |
| 700 | 1 | |a Παπαδόπουλος, Νεόφυτος Ν. |e trl | |
| 852 | |a INST |b LESVOS |e 19941206 |h 363.7 MAR |p 005100003273 |q 005100003273 |t BK |y 0 | ||
| 909 | |a Λ |b 007133 | ||